Seminario de Acceso a la Justicia Reproductiva (Registro nro. 1735)

Detalles MARC
000 -LEADER
fixed length control field 00867nam a2200253 a 4500
003 - CONTROL NUMBER IDENTIFIER
control field OSt
005 - FECHA ULTIMA MODIFICACION
control field 20131003184048.0
008 - FIXED-LENGTH DATA ELEMENTS--GENERAL INFORMATION
fixed length control field 131003s2011 ag ||||| |||| 00| 0 spa d
020 ## - INTERNATIONAL STANDARD BOOK NUMBER
International Standard Book Number 978-987-26040-2-8
040 ## - CATALOGING SOURCE
Transcribing agency Biblioteca Medicina
041 ## - LANGUAGE CODE
Language code of text/sound track or separate title spa
082 ## - DEWEY DECIMAL CLASSIFICATION NUMBER
Item number VARIOS 0388
110 ## - MAIN ENTRY--CORPORATE NAME
Corporate name or jurisdiction name as entry element Catolicas por el Derecho a Decidir
9 (RLIN) 2657
245 00 - TITLE STATEMENT
Title Seminario de Acceso a la Justicia Reproductiva
250 ## - EDITION STATEMENT
Edition statement 1º ed.
260 ## - PUBLICATION, DISTRIBUTION, ETC. (IMPRINT)
Place of publication, distribution, etc Buenos Aires
Name of publisher, distributor, etc Catolicas por el Derecho a Decidir; Instituto de Genero, Derecho y Desarrollo, Union Europea
Date of publication, distribution, etc 2011
300 ## - PHYSICAL DESCRIPTION
Extent 136 p.
653 ## - INDEX TERM--UNCONTROLLED
Uncontrolled term SALUD REPRODUCTIVA-DERECHOS
653 ## - INDEX TERM--UNCONTROLLED
Uncontrolled term ABORTO-LEGISLACION
653 ## - INDEX TERM--UNCONTROLLED
Uncontrolled term SALUD REPRODUCTIVA-LEGISLACION
653 ## - INDEX TERM--UNCONTROLLED
Uncontrolled term MORTALIDAD MATERNA-ARGENTINA
942 ## - ADDED ENTRY ELEMENTS (KOHA)
Source of classification or shelving scheme Dewey Decimal Classification
Koha item type Hemeroteca
Existencias
Withdrawn status Lost status Fuente de clasificación Damaged status Not for loan Colección Ubicación permanente Ubicación actual Sala de ubicación Fecha de adquisición Total Checkouts Número de clasificación Date last seen Número de ejemplar Price effective from Koha tipo de elemento (item)
    Dewey Decimal Classification     Non-fiction Biblioteca Medicina Biblioteca Medicina Circulación 03/10/2013   VARIOS 0388 06/11/2014 Ej. 1 03/10/2013 Hemeroteca

UNIVERSIDAD NACIONAL DEL COMAHUE
Biblioteca de la Facultad de Ciencias Médicas
Sede Toschi: Los Arrayanes y Av. Toschi, Cipolletti  - Rio Negro
Sede Los Tordos:  Yrigoyen al 2211, Cipolletti - Rio Negro 

Teléfono: 0299 - 4774707 int 25
Contacto: biblioteca@facimed.uncoma.edu.ar
© 2011 - 2026